Normal view
MARC view
Entry Personal Name
001 - CONTROL NUMBER
- control field: 235346
003 - CONTROL NUMBER IDENTIFIER
- control field: OSt
005 - DATE AND TIME OF LATEST TRANSACTION
- control field: 20250813142612.0
008 - FIXED-LENGTH DATA ELEMENTS
- fixed length control field: 250813|| aca||aabn | a|a d
040 ## - CATALOGING SOURCE
- Original cataloging agency: OSt
- Transcribing agency: OSt
100 ## - HEADING--PERSONAL NAME
- Personal name: KRASHNAMURTHI (S R)
- Dates associated with a name: ಕೃಷ್ಣಮೂರ್ತಿ (ಎಸ್ ಅರ್)
670 ## - SOURCE DATA FOUND
- Source citation: Work cat.: (OSt)215157: KRASHNAMURTHI (S R) ಕೃಷ್ಣಮೂರ್ತಿ (ಎಸ್ ಅರ್) , Valmiki ramayanada antararthagalu, 2008